Nesplnené sľuby Hospodársky vývoj Nemecka po zjednotení, problémy a ich príčiny

Bibliographic Details
Main Author: Géci, Ján (Author)
Format: Article
Language:Slovak
Subjects:

MARC

LEADER 00000nab a2200000 a 4500
001 vtls000408446
003 SK-MaSNL
005 20260305012259.0
008 150501c1991 xo 0 slo
015 |a SNBRB19rr/mm-uuuuu 
035 |a CL0408570 
040 |a SNKBUCL  |b slo  |c SNKBUCL  |e AACR2 
041 0 |a slo 
044 |a xo  |c SK 
080 |a 323(430)  |2 1981 
080 |a 338.2(430)  |2 1981 
100 1 |a Géci, Ján  |4 aut  |9 277369 
245 1 0 |a Nesplnené sľuby  |b Hospodársky vývoj Nemecka po zjednotení, problémy a ich príčiny  |c Ján Géci 
650 0 7 |a vnútorná politika  |2 snkbucl  |9 970 
651 7 |a Nemecko  |2 snkbucl  |9 21020 
655 7 |a články z novín a časopisov  |2 snkbucl  |9 267496 
773 0 |t Pravda  |g Roč. 72, č. 55 (6. 3. 1991), s. 7 
850 |a Slovenská národná knižnica v Martine  |a MTA001 
852 |a SNK  |b KIS3GCP 
958 |a RK 
958 |a DE 
992 |a RBX 
999 |c 3256721  |d 3258651